Výdavkové priority v rôznych typoch miestnych samospráv diplomová práca

Salvato in:
Dettagli Bibliografici
Autore principale: Sater, Adrián
Ente Autore: Národohospodárska fakulta EU. Katedra financií
Altri autori: Kováč Gerulová, Lukrécia, 1978-
Natura: Libro
Lingua:slovacco
Pubblicazione: Bratislava 2025
Tags: Aggiungi Tag
Nessun Tag, puoi essere il primo ad aggiungerne!!

MARC

LEADER 00000nbm a2200000 4500
001 0309340
005 20251016131447.7
041 0 |a slo 
044 |a SK 
245 1 0 |a Výdavkové priority v rôznych typoch miestnych samospráv  |b diplomová práca  |c Adrián Sater ; školiteľ: Lukrécia Kováč Gerulová 
264 1 |a Bratislava  |c 2025 
300 |a 77 s. 
100 1 |a Sater, Adrián 
700 1 |a Kováč Gerulová, Lukrécia, 1978- 
710 2 |a Národohospodárska fakulta EU. Katedra financií